Νεοελληνική ιστορία (1204-1940)
Saved in:
| Main Author: | |
|---|---|
| Format: | Book |
| Language: | Greek |
| Published: |
Θεσσαλονίκη :
Αδελφοί Κυριακίδη,
1993
|
| Subjects: | |
| Tags: |
Add Tag
No Tags, Be the first to tag this record!
|
MARC
| LEADER | 00000cam a2200000 i 4500 | ||
|---|---|---|---|
| 001 | 1/99022 | ||
| 008 | 950321s1993 gr | ||| |||| ||gre|| | ||
| 020 | |a 9603430811 | ||
| 035 | |l 10011146 | ||
| 040 | |a GR-MY-UA |b gre |e aacr | ||
| 041 | 0 | |a gre | |
| 100 | 1 | |a Βακαλόπουλος, Κωνσταντίνος Α., |d 1951- | |
| 245 | 1 | 0 | |a Νεοελληνική ιστορία (1204-1940) / |c Κωνσταντίνος Α. Βακαλόπουλος |
| 260 | |a Θεσσαλονίκη : |b Αδελφοί Κυριακίδη, |c 1993 | ||
| 300 | |a 523 σ. |b εικ. | ||
| 651 | 0 | |a Greece |x History. | |
| 852 | |a INST |b LESVOS |e 19950321 |h 938.37 ΒΑΚ |p 005100002164 |q 005100002164 |t BK |y 0 | ||
| 909 | |a Λ |b 036607 | ||
| 922 | |a 1ΔΩΡ |b 199409 |c ΔΚΑ | ||